000 00659nam a2200277Ia 4500
005 20260324141542.0
008 008 260324s9999 xx 000 0 eng d
020 _a9780429458088
037 _aEBOOK
040 _aCRL
040 _beng
040 _cCRL
041 _2eng
041 _aeng
084 _qCRL
100 _aMaurice Roche; Rik Van Berkel
_91208614
245 0 _aEuropean Citizenship and Social Exclusion
260 _bTaylor and Francis
260 _c1997
365 _a
365 _b205
856 _uhttp://www.taylorfrancis.com/books/9780429458088
942 _cEBOOK
999 _c1811837
_d1811837